Taylor Swift Songs - Statistics

General Stats
  • This quiz has been taken 33 times
  • The average score is 9 of 22
Answers on the Grid
Answers color-coded by a green-red scale on the quiz's grid according to % correct below.
The Life Of A Sungirl
A Place In This World
Peace
Coney Island
Lavender Maze
Crazier
Wood
Killer Of My Heart
False God
The Great War
Castles Crumbling
Eldest Daughter
Fourteen
All To Hell
Bye Bye Baby
Message In A Bottle
Cancelled
Snow At The Beach
LOML
My Boy Only Breaks His Favorite Toy
I Did Something Bad
Starlit
Wish You Would
The Last Great American Dynasty
Tis The Damn Season
Bad Blood
Tolerate It
Actually Sweet
Today Was A Fairy Tail
White Hose
The Tortured Poets Department
Dress
 
Answer Stats
Answer % Correct
False God
67%
Message In A Bottle
67%
Coney Island
53%
Crazier
53%
Eldest Daughter
53%
The Great War
53%
A Place In This World
47%
Cancelled
47%
Peace
47%
Wood
47%
Castles Crumbling
40%
LOML
40%
Dress
33%
I Did Something Bad
33%
Bye Bye Baby
27%
The Tortured Poets Department
27%
Tis The Damn Season
27%
Tolerate It
27%
Bad Blood
20%
My Boy Only Breaks His Favorite Toy
20%
The Last Great American Dynasty
20%
Wish You Would
20%
No matching quizzes found
Score Distribution
Percent of People with Each Score
Percentile by Number Answered
Your Score History
You have not taken this quiz